000
00208 a2200097 4500
001
45542
100
_a
Ikram Rana
245
_a
Sagala Staajal
260
_a
Lahore
_b
Maktaba Karawan
_c
090
_c
28708
_d
28708
942
_a
NUST-CAE
_c
M
_c
20789
999
_c
280615
_d
280615